The Amritsar Massacre (Record no. 142394)
[ view plain ]
| 000 -LEADER | |
|---|---|
| fixed length control field | 01270nam a2200313 a 4500 |
| 100 1# - MAIN ENTRY--AUTHOR NAME | |
| Personal name | Lloyd, Nick. |
| 245 14 - TITLE STATEMENT | |
| Title | The Amritsar Massacre |
| 260 ## - PUBLICATION, DISTRIBUTION, ETC. (IMPRINT) | |
| Place of publication | London : |
| Name of publisher | I.B. Tauris, |
| Year of publication | 2011. |
| 300 ## - PHYSICAL DESCRIPTION | |
| Number of Pages | xxxiii, 264 p. : |
| Other physical details | ill., maps. |
| 505 0# - FORMATTED CONTENTS NOTE | |
| Formatted contents note | pt. 1. Beginnings -- pt. 2. Disturbances -- pt. 3. Aftermath. |
| 650 #0 - SUBJECT ADDED ENTRY--TOPICAL TERM | |
| Topical Term | Amritsar Massacre, Amritsar, India, 1919. |
| Topical Term | Political atrocities |
| 856 40 - ELECTRONIC LOCATION AND ACCESS | |
| Uniform Resource Identifier | http://site.ebrary.com/lib/rucke/Doc?id=10522069 |
No items available.
